នរណាឈឺ / (Record no. 8846)

MARC details
000 -LEADER
fixed length control field 01126nam a22002897a 4500
001 - CONTROL NUMBER
control field 8846
003 - CONTROL NUMBER IDENTIFIER
control field FISKH
005 - DATE AND TIME OF LATEST TRANSACTION
control field 20251024100941.0
008 - FIXED-LENGTH DATA ELEMENTS--GENERAL INFORMATION
fixed length control field 251023b cb ||||| |||| 00| 0 eng d
040 ## - CATALOGING SOURCE
Original cataloging agency FISKH
Language of cataloging khr
Transcribing agency FISKH
Modifying agency FISKH
082 ## - DEWEY DECIMAL CLASSIFICATION NUMBER
Classification number 613
100 ## - MAIN ENTRY--PERSONAL NAME
Personal name ក្រសួងអប់រំ យុវជន និងកីឡា
245 ## - TITLE STATEMENT
Title នរណាឈឺ /
Statement of responsibility, etc. ក្រសួងអប់រំ យុវជន និងកីឡា
260 ## - PUBLICATION, DISTRIBUTION, ETC.
Place of publication, distribution, etc. ភ្នំពេញ :
Name of publisher, distributor, etc. ក្រសួងអប់រំ យុវជន និងកីឡា ,
Date of publication, distribution, etc. ២០២០ .
300 ## - PHYSICAL DESCRIPTION
Extent 8 pages :
Other physical details color illustrations ;
Dimensions 30 cm .
490 ## - SERIES STATEMENT
Series statement Let's Read
505 ## - FORMATTED CONTENTS NOTE
Formatted contents note F <br/>
520 ## - SUMMARY, ETC.
Summary, etc. ពិសី ពិធូរ ពីពី និង​ពៅពៅឈឺ ។​
520 ## - SUMMARY, ETC.
Summary, etc. Pisey , Pytou , Py Py and Pov Pov are sick .
521 8# - TARGET AUDIENCE NOTE
Target audience note 300 <br/>
Source Lexile estimate <br/>
521 8# - TARGET AUDIENCE NOTE
Target audience note F <br/>
Source Raz-Plus <br/>
650 ## - SUBJECT ADDED ENTRY--TOPICAL TERM
Topical term or geographic name entry element នរណាឈឺ
Form subdivision រឿងនិទានកុមារ
650 ## - SUBJECT ADDED ENTRY--TOPICAL TERM
Topical term or geographic name entry element Who is sick ?
Form subdivision Children's Stories
700 ## - ADDED ENTRY--PERSONAL NAME
Personal name Sak, Mai
Relator term Illustrator
942 ## - ADDED ENTRY ELEMENTS (KOHA)
Source of classification or shelving scheme Dewey Decimal Classification
Koha item type Khmer Books
Suppress in OPAC No
Holdings
Withdrawn status Lost status Source of classification or shelving scheme Damaged status Not for loan Collection Home library Current library Shelving location Date acquired Total Checkouts Full call number Barcode Date due Date last seen Date last checked out Price effective from Koha item type
    Dewey Decimal Classification     Khmer Language Books / សៀវភៅភាសាខ្មែរ Footprints International School Library Network Toul Tom Poung Campus Footprints International School Library Network Toul Tom Poung Campus TTP Primary Khmer Bookshelves 10/23/2025 1 MIN 613 2025-4710 04/20/2026 04/06/2026 04/06/2026 10/23/2025 Khmer Books